000 00803nam a22002177a 4500
005 20220831151351.0
008 220831s2022 ck |||gr|||| 00| 0 spa d
020 _a9788411138697
040 _aCO-BoUCM
_bspa
_cDeissy Garcia
_dDeissy Garcia
041 0 _aspa
110 1 _aColombia
_bGobierno de Colombia
_9175548
245 _aImplementación normativa paz con legalidad
_cGobierno de Colombia
260 _aBogotá
_bTirant lo blanch
_c2022
300 _a989 páginas
650 7 _aPaz
_xLegislación
_y2018-2022
_zColombia
_9175549
650 7 _aPaz
_xNormas
_zColombia
_9175550
650 7 _aPolítica gubernamental
_y2018-2022
_z Colombia
_9175551
651 _aColombia
_xPolítica social
_y2018-2022
_9175552
942 _2DEWEY
_a6
_cLIBRO
_e1
_h320.6
_mC718p
_n0
999 _c321636
_d321636